banner koha

Prêmio ABA/MDA territórios quilombolas (Registro n. 300492)

MARC details
000 -LÍDER
Campo de controle fixo 00954nam a22002777a 4500
001 - NÚMERO DE CONTROLE
Número de controle BR2024001942
003 - CÓDIGO MARC DA AGÊNCIA CATALOGADORA
Campo de controle BR-BrBNA
005 - DATA E HORA DA ÚLTIMA ATUALIZAÇÃO
Campo de controle 20240711155724.0
008 - CAMPO DE TAMANHO FIXO
Campo fixo de controle 240711b bl.||||| |||| 00| 0 por d
040 ## - FONTE DA CATALOGAÇÃO
Agência catalogadora BR-BrBNA
Idioma da catalogação por
041 ## - CÓDIGO DO IDIOMA
Código do Idioma por
072 ## - CATEGORIA AGRIS
Código da categoria de assunto/objeto <a href="E50 ; E11 ; E90">E50 ; E11 ; E90</a>
090 ## - NÚMERO DE CHAMADA
Localização na estante E50 BR2024001942
110 ## - ENTRADA PRINCIPAL - ENTIDADE
Nome da entidade ou lugar Ministério do Desenvolvimento Agrário, Brasília, DF (Brasil). Núcleo de Estudos Agrários e Desenvolvimento Rural
9 (RLIN) 7481
110 ## - ENTRADA PRINCIPAL - ENTIDADE
Nome da entidade ou lugar Associação Brasileira de Antropologia, Brasília, DF (Brasil)
245 ## - TÍTULO PRINCIPAL
Título principal Prêmio ABA/MDA territórios quilombolas
260 ## - IMPRENTA (PUBLICAÇÃO, DISTRIBUIÇÃO, ETC.)
Lugar de publicação, distribuição, etc. Brasília, DF (Brasil)
Data de publicação, distribuição, etc 2006
300 ## - DESCRIÇÃO FÍSICA
Extensão 116 p.
Dimensões 21 x 28 cm
500 ## - NOTA GERAL
Notas gerais Includes several bibliographies; 17 illus.; 1 table
650 ## - ASSUNTO - THESAGRO
Cabeçalho tópico ou nome geográfico DESINTRUSÃO (PROCESSO DE REGULARIZAÇÃO FUNDIÁRIA QUILOMBOLA)
650 ## - ASSUNTO - THESAGRO
Cabeçalho tópico ou nome geográfico TERRITÓRIO
650 ## - ASSUNTO - THESAGRO
Cabeçalho tópico ou nome geográfico ESTRUTURA AGRÁRIA
650 ## - ASSUNTO - THESAGRO
Cabeçalho tópico ou nome geográfico SOCIOLOGIA RURAL
909 ## - IDENTIFICAÇÃO DO CATALOGADOR
Ano e mês da catalogação (aaaamm) 202407
Identificação do catalogador Fernando
942 ## - TIPO ESPECÍFICO
Tipo de material Livros
952 ## - LOCATION AND ITEM INFORMATION (KOHA)
-- 2024-07-11
Exemplares
Status de empréstimo Fonte de classificação Status de danificação Não pode ser emprestado Código da coleção Localização permanente Localização atual Localização na estante Total Checkouts Número de chamada Código de barras Tipo de material
  Classificação AGRIS     Agrobase Biblioteca Nacional de Agricultura - Binagri Biblioteca Nacional de Agricultura - Binagri Agrobase - Acervo Geral   E50 BR2024001942 2024-3210 Livros

BINAGRI

Telefone: (61)3218-2567/2388/3357/2097 - binagri@agro.gov.br

Ministério da Agricultura e Pecuária , Esplanada dos Ministérios, Bloco D, Anexo B, Brasília/DF, CEP: 70.043-900